000 00559nam a22001697a 4500
008 230614b |||||||| |||| 00| 0 eng d
040 _aNational Science Library
_cNational Science Library
080 _a629:621.43.068.4(540)
100 _aPundir, B P
245 _aVehicle emissions and control perspectives in India:
_c/ Indian Institute of Petroleum
_bA state of art report
260 _aDehradun:
_bIndian Institute of Petroleum,
_c1994
300 _a170p.
650 _aScience
653 _aPhysics
700 _aJain, Amar K
942 _2udc
_cREP
999 _c44751
_d44751